00814cam a22002057a 4500003000500000005001700005008004100022010001000063011001000073035001000083040000900093082001600102110009100118245011900209260011600328300001100444650002700455650003400482710009200516CHAP20220817042443.0971013s1978 r 00010 d a45229 a46201 a50342 cCHAP a301.444bU5 aUniversidad Nacional Autónoma de México. Instituto de Investigaciones Económicas 0aEconomía campesina y capitalismo dependienteb: seminario sobre investigación Regional en Ciencias Sociales... aMéxico, D.F. :bUniversidad Nacional Autónoma de México. Instituto de Investigaciones Económicas,c1978 a256 p.14aCampesinadozMéxico.14aSociología ruralxMéxico.0 aCentro de Investigaciones Ecológicas del Sureste. San Cristóbal de las Casas, Chis.